000 00766na a2200265 4500
001 23093
003 MIRAKIL
005 20181213154837.0
008 170704b tu 000 0
020 _a9758725793
040 _aMilas
_btur
_cTR-AnCHP
041 _atur
082 _a320.9561
_bU62b 2003
090 _a320.9561 U62b 2003
100 _aUras, Ufuk
245 _aBaşka bir siyaset mümkün
_cUfuk Uras
260 _aİstanbul
_bİthaki
_c2003
300 _a594 s.
_c21 sm.
440 _aİthaki yayınları
_v222
490 _aTarih-Toplum-Kuram
_v10
500 _aYapıt yazarından imzalıdır.
650 _aSiyasi partiler
_xÖzgürlük ve Dayanışma Partisi (ÖDP)
_yTürkiye
650 _aSiyaset ve yönetim
_xTürkiye
942 _2ddc
_cBKS
999 _c1870
_d1870